Регионална библиотека "Любен Каравелов" - Русе

Митология на Китай (Запис номер 160469)

MARC детайли
000 -Лидер
Контролно поле с фиксирана дължина 01425nam a2200361 c 4500
003 - Код на организацията, давaща контролен номер
Контролно поле BLK
005 - Дата и час на последна редакция
Контролно поле 20210109135220.0
008 - Елементи от данни с фиксирана дължина
fixed length control field 180410b bul|||||r ||||||| ||bul||
010 ## - Наследен системен номер
LC control number KNG00167680000
040 ## - Източник на каталожния запис
Идентификатор на билиотеката - собственик на записа BLK
041 ## - Код за език
Код за езика на текст/звукозапис или на отделно заглавие Български
Код за езика КДБФ Български
080 ## - УДК
Текстов определител УДК Религии на Китай
УДК код - определител по УДК 299.51
УДК определител
УДК - код + определител 299.51
100 1# - Редна дума - Автор
Автор Кюнстлер, Мечислав
Авторска отговорност първи автор
R(LIN) 86782
139 ## - Редно поле
Редна дума Кюнстлер, Мечислав
Авторски знак Кю - К 99
245 10 - Сведения за заглавието
Заглавие Митология на Китай
Редно поле (дума) Мечислав Кюнстлер; прев. от пол. Милена Михайлова Милева.
257 ## - Страна на издаване
Страна на създаване/издаване Полша
260 ## - Област на издателските данни
-- София
Име на издателя, разпространителя и проч. Бълг. художник
Година на издаване 1987
300 ## - Физическа характеристика
Страници 303 с.
Размери/Мащаб 16 см
380 ## - Жанр
Жанр Религия. Теология
490 1# - СЕРИИ (Колекции)
Име на серия Световни митологии
500 ## - Общи забележки
Забележка Ориг. загл. Mitologia chinska / Mieczyslaw J. Kunstler. - По-важни божества и други митологични герои. - Библиогр. с. 296-297.
650 #4 - Допълнително описание по предмет – тема
Основно описание – тема или топоним Религии - Китай
9 (RLIN) 292719
651 #4 - Допълнително описание по предмет - топоним
Географско понятие Китай
9 (RLIN) 242505
653 ## - Ключова дума – ненормативна
Ключова дума религии
653 ## - Ключова дума – ненормативна
Ключова дума Китай
653 ## - Ключова дума – ненормативна
Ключова дума митология
700 1# - Други автори (авторска отговорност)
Лично име Милева, Милена Михайлова
Автороска отговорност (Описва отношението между автора и произведението) прев. от пол.
9 (RLIN) 334891
852 ## - Местоположение
Форматна сигнатура Цб І 23713
856 4# - Електронен адрес и достъп
Електронен формат pdf - файл
Път до файла /url/
856 4# - Електронен адрес и достъп
Електронен формат pdf - файл
Път до файла /url/
942 ## - АРТИКУЛИ
Вид на библиотечния материал Книги
Скрит в OPAC Не
Koha issues (borrowed), all copies 4
944 ## - СЪЗДАВАНЕ И РЕДАКЦИЯ на ЗАПИСА
Създаване/Редакция Създаване
Дата на регистрацията/редакция 26.11.2014
Статус, дата на статуса ф /
Служител, извършил регистрацията/редакцията Камелия_Данева
944 ## - СЪЗДАВАНЕ И РЕДАКЦИЯ на ЗАПИСА
Създаване/Редакция Редакция
Дата на регистрацията/редакция 03.11.2016
Статус, дата на статуса ф /
Служител, извършил регистрацията/редакцията Людмила_Стоянова
999 ## - СИСТЕМНИ КОНТРОЛНИ НОМЕРА
Koha biblionumber 160469
Koha biblioitemnumber 160469
Наличности
Код за отписване Код за изгубен артикул Източник на класификационната схема Код за повреда Коз за рестрикции Код за отдаване Артикулен № Име на библиотеката - собственик Име на библиотеката, в която се намира в момента Статус (Текущо местоположение) Дата на вписване в системата Местоположение - отдел Цена в лева Инвентарен номер Систематично азбучна сигнатура Баркод Номер на екземпляра Цена в евро Служебна бележка Служебен тип на артикула
  Не е изгубен Universal Decimal Classification Не е повреден само за читалня ползва се в читалня 268179 Регионална библиотека "Любен Каравелов" Русе Регионална библиотека "Любен Каравелов" Русе Хранилище 1987-01-01 Хранилище 1.92 488877 Цб І 23713 120000488877 1 0.98 Дост: Dp Вид: Д N: стар фонд Дата: 01.01.1987 Книги
Изтеглен Не е изгубен Universal Decimal Classification Не е повреден без рестрикции заемане за дома 268180 Регионална библиотека "Любен Каравелов" Русе Регионална библиотека "Любен Каравелов" Русе Заемна - подръчен фонд 1987-01-01 Заемна - подръчен фонд 2.70 634276 П 29/К 99 634276 2 1.38 Дост: Pk Вид: Ф N: стар фонд Дата: 01.01.1987 Дата инв: 02.02.2018 Бележки инв: П2018 Книги
Изтеглен Не е изгубен Universal Decimal Classification Не е повреден без рестрикции заемане за дома 268181 Регионална библиотека "Любен Каравелов" Русе Регионална библиотека "Любен Каравелов" Русе Заемна - подръчен фонд 1987-01-01 Заемна - подръчен фонд 1.90 659971 П 29/К 99 659971 3 0.97 Дост: Pk Вид: Ф N: стар фонд Дата: 01.01.1987 Дата инв: 02.02.2018 Бележки инв: П2018 Книги
  Не е изгубен   Не е повреден без рестрикции заемане за дома 268182 Регионална библиотека "Любен Каравелов" Русе Регионална библиотека "Любен Каравелов" Русе Заемна - подръчен фонд 2016-07-11 Заемна - подръчен фонд 7.00 120000802107 П 29/К 99 120000802107 4 3.58 Дост: DA Вид: А N: 27 Дата: 11.07.2016 Дата инв: 21.02.2018 Бележки инв: П2018 Книги
Vip Innovations Ltd, Rousse, Bulgaria 2025